| 000 | 00639pam a2200229 a 4500 | ||
|---|---|---|---|
| 001 | 3351137 | ||
| 003 | OSt | ||
| 005 | 20180116183021.0 | ||
| 008 | 860528s1987 nyu 000 1 eng | ||
| 010 | _a 86013496 | ||
| 020 | _a0385234902 | ||
| 040 |
_aDLC _cDLC _dDLC |
||
| 050 | 0 | 0 |
_aPS3557.R587 _bR4 1987 |
| 082 | 0 | 0 |
_a813.54 GRO 1987 _219 |
| 100 | 1 |
_aGross, Martin L. _q(Martin Louis), _d1925-2013. |
|
| 245 | 1 | 4 |
_aThe Red president _cMartin Gross. |
| 250 | _a1st ed. | ||
| 260 |
_aGarden City, N.Y. : _bDoubleday, _c1987. |
||
| 300 |
_a397 p. ; _c25 cm. |
||
| 906 |
_a7 _bcbc _corignew _d1 _eocip _f19 _gy-gencatlg |
||
| 942 |
_2ddc _cBK |
||
| 999 |
_c350580 _d350580 |
||